| 000 | 00704nam a2200253Ia 4500 | ||
|---|---|---|---|
| 001 | 15653 | ||
| 003 | GE_BSU | ||
| 008 | 181216s||||||||xx |||||||||||||| ||und|| | ||
| 020 | _a99928-43-52-7 | ||
| 040 | _cGE_BSU | ||
| 080 | _a821.353.1-11 | ||
| 100 | _aცეცხლაშვილი, თენგიზ | ||
| 245 | _aგვირგვინოსანნი | ||
| 245 | _bპოემა | ||
| 245 | _cმხ.ვლ.შარაშიძე | ||
| 260 | _aბათუმი | ||
| 260 | _bალიონი | ||
| 260 | _c2002 | ||
| 300 | _a140გვ. ; 20სმ | ||
| 541 | _h5ლ. | ||
| 653 | _aგვირგვინოსანნი | ||
| 653 | _aპოემა | ||
| 942 | _cBK | ||
| 999 |
_c48752 _d48752 |
||